000
00342nam a22001457a 4500
003
OSt
008
250117b |||||||| |||| 00| 0 eng d
041
_a
eng
082
_a
370.0715
100
_a
Supe, SV
_9
6963
245
_a
Introduction to Extension Education
260
_b
Oxford & IBH Publishing Co Pvt Ltd
300
_a
186
942
_c
BK
999
_c
19054
_d
19054